00683nam a2200229Ia 4500003000900000008004100009040001300050040001300063041000800076100001900084245003200103250001200135260001200147260000900159300001100168300001200179490003300191490000700224942000700231999001700238952019800255IT-RoPAU120407s9999 xx 000 0 und d aIT-RoPAU cIT-RoPAU aita aAndré Parrot aScoperta dei mondi sepolti. aFirenze aSansoni c1963 a134 p. c17,5 cm aLe piccole storie illustrate v30 cBK c25324d25324 00102ddc406930_70000000000000071aPAULUSbPAULUSd2012-04-11l0o930.7r2012-04-11 00:00:00w2012-04-11yBKzInserito da: Mario In data: 19 settembre 2011 fondo: Via A.Severo 56 Progr:32400